| 000 | 00519nam a2200169 i 4500 | ||
|---|---|---|---|
| 001 | 52262 | ||
| 003 | ES-MaACL | ||
| 005 | 20230906162543.0 | ||
| 007 | t| | ||
| 008 | 030827s1922 fr ||||1| fre d | ||
| 100 | 1 |
_aChautard, Jean. _938215 |
|
| 245 | 1 | 4 |
_aLes gisements de pétrole / _cpar Jean Chautard ; préface de M. Louis Mrazec. |
| 260 |
_aParis : _bOctave Doin, _c1922 ( _eAngers : _fF. Gaultier) |
||
| 300 |
_a330 p., XII : _bil. ; _c19 cm. |
||
| 700 | 1 |
_aMrazec, M. Louis. _984008 |
|
| 852 |
_aES-MaACL _jD-4449 |
||
| 999 |
_c52262 _d52262 |
||